| 000 | 00451nam a22001457a 4500 | ||
|---|---|---|---|
| 999 |
_c12070 _d12070 |
||
| 008 | 210119b ||||| |||| 00| 0 eng d | ||
| 082 | 0 | 0 |
_a005.446 _bS3865 |
| 100 |
_94308 _aSchulman, Andrew |
||
| 245 | 1 | 0 |
_aUndocumented DOS:a programmer's guide to reserved MS-DOS functions and data structures / _cby Andrew Schulman |
| 250 | _a2nd ed. | ||
| 260 |
_aNew York: _bAddison Wesley, _c1994. |
||
| 300 | _axviii, 856 p. | ||
| 650 | 0 | _aMS-DOS | |
| 942 | _cBK | ||